| 000 | 00451nam a2200169 a 4500 | ||
|---|---|---|---|
| 001 | 000026774 | ||
| 005 | 20200930030414.0 | ||
| 008 | 110325s1984 dr ac 000 0 spa d | ||
| 040 |
_aDO-SdBNP _bspa _cBNPHU |
||
| 082 |
_axxx _bP713j |
||
| 100 | 1 |
_aPlante, Marcos _953880 |
|
| 245 | 1 | 0 | _aJesús Cristo, el señor. |
| 250 | _a4a ed. | ||
| 260 |
_aSanto Domingo : _bAmigo del Hogar, _c1984. |
||
| 300 |
_a130 p. : _bil., retr. ; _c23 cm. |
||
| 049 | _aBNPD | ||
| 999 |
_c26266 _d26266 |
||